Viajeras intrépidas y aventureras /
Se reconstruye aquí la historia de las exploraciones geográficas protagonizadas por mujeres, tanto las que directamente se lanzaron a conocer sus lugares-mito, como las que fueron compañeras de los grandes descubridores. De los medievales viajes religiosos a lugares sagrados, a las históricas explor...
Gardado en:
| Autor Principal: | |
|---|---|
| Outros autores: | |
| Formato: | Libro |
| Idioma: | Lingua castelá |
| Publicado: |
Barcelona, España :
Plaza y Janés,
2005, c2005
|
| Temas: | |
| Etiquetas: |
Sen Etiquetas, Sexa o primeiro en etiquetar este rexistro!
|
MARC
| LEADER | 00000nam^a2200000^a^4500 | ||
|---|---|---|---|
| 001 | 000181775 | ||
| 005 | 20250521000000.0 | ||
| 009 | 20260310101942.896 | ||
| 020 | |a 84-01-37763-3 | ||
| 037 | |a Acervo ITESO - Biblioteca | ||
| 041 | |a ESP | ||
| 082 | |a 910. 92 |b MOR | ||
| 100 | |a Morató, Cristina |e (autor) | ||
| 245 | 1 | 0 | |a Viajeras intrépidas y aventureras / |c C. Morató ; pról. de M. Leguineche. |
| 264 | 4 | |a Barcelona, España : |b Plaza y Janés, |c 2005, c2005 | |
| 300 | |a 217 p. | ||
| 336 | |a texto |b txt |2 rdacontenido | ||
| 337 | |a sin mediación |b n |2 rdamedio | ||
| 338 | |a volumen |b nc |2 rdasoporte | ||
| 520 | |a Se reconstruye aquí la historia de las exploraciones geográficas protagonizadas por mujeres, tanto las que directamente se lanzaron a conocer sus lugares-mito, como las que fueron compañeras de los grandes descubridores. De los medievales viajes religiosos a lugares sagrados, a las históricas exploraciones de todas las regiones del planeta que resultaban lejanas y/o extrañas para Occidente. | ||
| 649 | |a XX | ||
| 650 | |a Exploradores y Viajeros - |x Biografías | ||
| 650 | |a Mujeres - |x Biografías | ||
| 650 | |a Descubrimientos Geográficos | ||
| 650 | |a Viajes y Travesías | ||
| 650 | |a Geografía | ||
| 650 | |a Historia Universal | ||
| 700 | |a Leguineche, Manuel |e (autor) | ||
| 910 | |a Fondo General | ||
| 920 | |a Impresos - Libros | ||
| 930 | |a Colección General | ||
| 905 | |a 101 | ||
| 901 | |a 0500121498 |b IT1 |c ACC |u 20250521 | ||
| 902 | |a https://opac.biblio.iteso.mx/vufind/Record/000181775 | ||